00552nam a2200181Ia 4500003000400000005001700004008004100021020002900062040001700091082001900108245009500127250001200222260003800234300002800272500001900300650002700319700002400346IIN20250429115012.0231217s9999 xx ad 001 0 eng d cRs.635.00a9789393330000 aIINbEnglish a579.0282 bSAX1 aAnanthanarayan and Paniker's Textbook of Microbiology for Nurses /cedited by Sonal Saxena a3rd ed. aHyderabadbUniversity Pressc2022 a[2], 1-322p.bcol. ill. aIncludes Index1 aMicrobiology vNursing aSaxena, Sonal (ed.)